00434nam a2200109Ia 4500008004100000100002600041245009000067260006400157300001800221650001500239856007000254160712s9999 xx 000 0 und d aVillareal, Corazon D. cCorazon D. VillarealaListening to the Overheard: Philippine Literatures into English c2013bJournal of English Studies and Comparative Literature avol. 13 no. 1 xLITERATURE uhttp://journals.upd.edu.ph/index.php/jescl/issue/view/410/showToc